000 00451nam a2200145Ia 4500
008 230917s9999||||xx |||||||||||||| ||und||
040 _e233237
_aMAIN
041 _aEnglish
082 _a891.491503741 DR536A
100 _aअशोक कुमार
245 0 _aराजबीर सिंह धनखड़ के साहित्य में वस्तु विधान
260 _c2015
300 _a264 पृ. p.
942 _cTH
999 _c126781
_d126781